Sonic R - Can You Feel The Sunshine Lyrics - Statistics

General Stats
  • This quiz has been taken 7 times
  • The average score is 117 of 216
Answer Stats
Lyrics % Correct
A
100%
I
100%
And
80%
Can
80%
Feel
80%
Free
80%
It
80%
Me
80%
On
80%
See
80%
So
80%
Sun
80%
Sunshine
80%
The
80%
To
80%
Want
80%
When
80%
You
80%
Alive
60%
Be
60%
By
60%
Go
60%
Is
60%
Makes
60%
Run
60%
Shining
60%
Survive
60%
Too
60%
Your
60%
Always
40%
Brighten
40%
Come
40%
Day
40%
Don't
40%
Do
40%
Does
40%
Don't
40%
For
40%
Good
40%
High
40%
Oh
40%
Out
40%
Sky
40%
That
40%
Up
40%
Were
40%
Will
40%
About
20%
Again
20%
Am
20%
Away
20%
Back
20%
Bad
20%
Brand
20%
Brighter
20%
Cause
20%
Clear
20%
Clouds
20%
Everything's
20%
Down
20%
Forget
20%
Gonna
20%
Here
20%
It's
20%
Just
20%
Like
20%
Near
20%
Need
20%
New
20%
Nothing
20%
Pass
20%
Reach
20%
Sometimes
20%
There's
20%
They
20%
Think
20%
Through
20%
Times
20%
Today
20%
Wish
20%
Without
20%
You're
20%
Another
0%
Coming
0%
Goes
0%
Rain
0%
Waiting
0%
No matching quizzes found
Score Distribution
Percent of People with Each Score
Percentile by Number Answered
Your Score History
You have not taken this quiz